Dil apna aur preet parai : (Record no. 44094)

MARC details
000 -LEADER
fixed length control field 00994njm a22002417a 4500
005 - DATE AND TIME OF LATEST TRANSACTION
control field 20100906155910.0
007 - PHYSICAL DESCRIPTION FIXED FIELD--GENERAL INFORMATION
fixed length control field sd ammalaaahaa
008 - FIXED-LENGTH DATA ELEMENTS--GENERAL INFORMATION
fixed length control field 100906t xxu||||| |||| 00| 0 hin d
028 ## - PUBLISHER NUMBER
Publisher number N.53210
Source His Master's Voice
035 ## - SYSTEM CONTROL NUMBER
System control number GR-692
040 ## - CATALOGING SOURCE
Original cataloging agency SED/VEN
100 ## - MAIN ENTRY--PERSONAL NAME
Personal name Mangeshkar, Lata
9 (RLIN) 1184
245 ## - TITLE STATEMENT
Title Dil apna aur preet parai :
Remainder of title Hindustani /
Statement of responsibility, etc by Lata Mangeshkar ; music by Shankar Jaikishan ; lyric by Shailendra
Medium [sound recording] :
246 ## - VARYING FORM OF TITLE
Title proper/short title दिल अपना और प्रीत पराई (लता मंगेशकर )
260 ## - PUBLICATION, DISTRIBUTION, ETC. (IMPRINT)
Place of publication, distribution, etc Dum Dum India
Name of publisher, distributor, etc His Master's Voice
300 ## - PHYSICAL DESCRIPTION
Extent 1 sound disc [Gramophone Record] :
Other physical details analog, 33 1/3 rpm.
Dimensions 10 in.
Type of unit Gramophone Record
500 ## - GENERAL NOTE
General note Brief Record
505 ## - FORMATTED CONTENTS NOTE
Formatted contents note Dil apna aur - dil apna aur preet parai part 1 (Dil Apna aur preet parai) (Lata Mangeshkar)
650 ## - SUBJECT ADDED ENTRY--TOPICAL TERM
Topical term or geographic name as entry element Classical Music
General subdivision Excerpts
Geographic subdivision India
9 (RLIN) 18647
700 ## - ADDED ENTRY--PERSONAL NAME
Personal name Shankar Jaikishan
9 (RLIN) 18648
700 ## - ADDED ENTRY--PERSONAL NAME
Personal name Shailendra
9 (RLIN) 18649
942 ## - ADDED ENTRY ELEMENTS (KOHA)
Source of classification or shelving scheme Dewey Decimal Classification
Item type Bengali Books

No items available.


© Delhi Public Library
Hit Counter
free hit counter